Responses for Show #7504 - Thursday, April 6, 2017

Contestants

[<< previous game]

Maresha Mead, a high school English teacher from Alexandria, Virginia

David Gatewood, a Ph.D. student from Knoxville, Tennessee

Nora Rowaily, a scoring director from Cincinnati, Ohio (whose 1-day cash winnings total $23,600)

[next game >>]

Jeopardy! Round responses

RHYMES WITH A BEATLE'S FIRST NAME
AN ECO-CATEGORY
PUERTO RICAN HISTORY
JESSICA
IN THE KING JAMES BIBLE
HIT THE GYM
    $200 12
forge

Nora
    $200 30
fauna

Maresha
    $200 13
(Nora: What is Santo Domingo?)

San Juan

NoraMaresha
    $200 19
Jessica Simpson

Maresha
    $200 3
the moon

Maresha
    $200 1
Pilates

Nora
    $400 8
lawn

Maresha
    $400 28
(David: What are the Grand Tetons?)

glaciers

NoraDavid
    $400 24
the Spanish-American War

Maresha
    $400 18
Jessica Chastain

Maresha
    $400 4
Babel

Maresha
    $400 2
the barre

Maresha
    $600 11
bingo

Maresha
    $600 27
vinegar

David
    $600 25
(Maresha: What is income tax?)

sales tax

NoraMaresha
    $600 16
Jessica Alba

David
    $600 5
bread

Maresha
    $600 17
the quadriceps

Maresha
    $800 10
(Maresha: What is the Wailing Wall?)

a shawl

DavidMaresha
    $800 22
a tugboat

Nora
    $800 26
Ponce de León

David
    $800 14
Jessica Biel

Maresha
    $800 6
the pale horse

Maresha
    $800 20
a plank

Nora
    $1000 9
a flamingo

Triple Stumper
    $2,800 23
biodiversity

Nora
    $1000 29
a commonwealth

Nora
    $1000 15
Jessica Lange

Nora
    $1000 7
"Jesus wept"

David
    $1000 21
CrossFit

Maresha

Scores at the first commercial break (after clue 15):

Nora David Maresha
$1,200 $1,800 $3,600

Scores at the end of the Jeopardy! Round:

Nora David Maresha
$7,600 $3,400 $5,800

Double Jeopardy! Round responses

MARITIME FLAGS OF CONVENIENCE
AWARDS & HONORS
"E"ASY DOES IT
VAUDEVILLE
A LIBERAL LIBRARY
COMMA SYMPATHIZERS
    $400 21
the Pacific

Maresha
    $400 15
Pulitzers

Maresha
    $400 2
evaporation

Maresha
    $400 22
a stooge

Nora
    $400 16
Massachusetts

Nora
    $400 3
a semicolon

Maresha
    $800 23
the Danube

Nora
    $800 1
mathematics

Nora
    $800 5
(Maresha: Who... what is eavesdropper?)

an eyewitness

DavidMaresha
    $800 28
James Cagney

Triple Stumper
    $800 17
Ruth Bader Ginsburg

Nora
    $800 4
Oscar Wilde

Nora
    $1200 24
(Nora: Who is St. Thomas?)
...
(Alex: Less than a minute now.)

St. George

NoraMaresha
    $3,000 12
(David: What is the lotus?)

the chrysanthemum

David
    $1200 6
ebullient

Nora
    $1200 25
"Who's On First?"

Maresha
    $1200 18
Rahm Emanuel

Nora
    $1200 9
the Oxford comma

David
    $1600 29
Malta

Maresha
    $1600 13
(Nora: What is comedy?)

spoken word

NoraDavid
    $1600 7
exonerate

David
    $1600 26
Buster Keaton

Maresha
    $3,000 19
Canada

Nora
    $1600 10
The New Yorker

Triple Stumper
    $2000 30
(Maresha: What is Cote d'Ivoire?)

Liberia

Maresha
Triple Stumper
    $2000 14
(Nora: What are the Tonys?)

the Obie Awards

Nora
Triple Stumper
    $2000 8
ephemera

David
    $2000 27
a rope (or lasso)

David
    $2000 20
austerity

Triple Stumper
    $2000 11
Cormac McCarthy

David

Scores at the end of the Double Jeopardy! Round:

Nora David Maresha
$12,200 $11,600 $10,200

[wagering suggestions for these scores]

Final Jeopardy! Round responses

FAMILIAR PHRASES
MareshaWhat is a dog and pony show?
$10,198
DavidWhat is a horsedog and pony show?
$10,000
NoraWhat is a horse + pony show?
$11,001
a dog and pony show

Final scores:

Nora David Maresha
$1,199 $21,600 $20,398
3rd place: $1,000 New champion: $21,600 2nd place: $2,000

Game dynamics:

Coryat scores:

Nora David Maresha
$9,000 $14,600 $10,200
18 R
(including 2 DDs),
4 W
12 R,
2 W
(including 1 DD)
23 R,
4 W

Combined Coryat: $33,800

[game clues] [game scores] [suggest correction]

Game tape date: Unknown
The J! Archive is created by fans, for fans. Scraping, republication, monetization, and malicious use prohibited; this site may use cookies and collect identifying information. See terms. The Jeopardy! game show and all elements thereof, including but not limited to copyright and trademark thereto, are the property of Jeopardy Productions, Inc. and are protected under law. This website is not affiliated with, sponsored by, or operated by Jeopardy Productions, Inc. Join the discussion at JBoard.tv.